Publishing economics: How slow? Why slow? Is slow productive? How to fix slow? (Record no. 525965)

000 -LEADER
fixed length control field 01262nam a22001457a 4500
008 - FIXED-LENGTH DATA ELEMENTS--GENERAL INFORMATION
fixed length control field 240429b ||||| |||| 00| 0 eng d
100 ## - MAIN ENTRY--PERSONAL NAME
Personal name Hadavand, A., Hamermesh, D.S. and Wilson, W.W.
245 ## - TITLE STATEMENT
Title Publishing economics: How slow? Why slow? Is slow productive? How to fix slow?
260 ## - PUBLICATION, DISTRIBUTION, ETC. (IMPRINT)
Place of publication, distribution, etc Journal of Economic Literature
300 ## - PHYSICAL DESCRIPTION
Extent 62(1). Mar, 2024: p.269-293
520 ## - SUMMARY, ETC.
Summary, etc Economics publishing proceeds much more slowly than in the natural sciences, and more slowly than in the other social sciences and finance. It is relatively even slower at the extremes. Much of the lag, especially at the extremes, arises from authors' dilatory behavior in revisions. Additional rounds of resubmissions at top economics journals are related to additional citations; but conditional on resubmission, the delays are unrelated to greater scholarly attention. We offer several proposals for speeding publication, including no-revision policies such as Economic Inquiry's, the use of "cascading referee reports," limits on authors' time revising, and limits on editors waiting for dilatory referees.- Reproduced

https://www.aeaweb.org/articles?id=10.1257/jel.20221653
773 ## - HOST ITEM ENTRY
Main entry heading Journal of Economic Literature
906 ## - LOCAL DATA ELEMENT F, LDF (RLIN)
Subject DIP ECONOMICS
942 ## - ADDED ENTRY ELEMENTS (KOHA)
Item type Articles
Holdings
Withdrawn status Lost status Source of classification or shelving scheme Damaged status Not for loan Permanent location Current location Date acquired Serial Enumeration / chronology Barcode Date last seen Koha item type
          Indian Institute of Public Administration Indian Institute of Public Administration 2024-04-29 62(1). Mar, 2024: p.269-293 AR131758 2024-04-29 Articles

Powered by Koha